Sports Quiz

Random Sports or NBA Quiz

Miami Heat All Time Scoring Quiz Stats

Quiz not verified by Sporcle

Also try: #3 Athletes
Challenge
Share
Tweet
Embed
Score 0/28 Timer 10:00
0 Plays Today
Answer % Correct
Dwyane Wade #39 (20,221 points)
100%
LeBron James #11 (26,833 points)
94%
Shaquille O'Neal #7 (28,598 points)
92.6%
Chris Bosh #86 (17,189 points)
91.9%
Jermaine O'Neal #179 (13,309 points)
90.6%
Alonzo Mourning #151 (14,311 points)
87.2%
Tim Hardaway #125 (15,373 points)
76.5%
Glen Rice #64 (18,336 points)
72.5%
Ray Allen #22 (24,505 points)
67.8%
Gary Payton #31 (21,813 points)
65.8%
Eddie Jones #155 (14,155 points)
53.7%
Antoine Walker #116 (15,647 points)
48.3%
Steve Smith #176 (13,430 points)
45.6%
Joe Johnson #47 (19,318 points)
44.1%
Answer % Correct
Rashard Lewis #120 (15,579 points)
31.5%
Jim Jackson #207 (12,690 points)
28.2%
Juwan Howard #103 (16,159 points)
24.8%
Shawn Marion #74 (17,700 points)
24.2%
Luol Deng #202 (12,777 points)
23.5%
Amar'e Stoudemire #106 (15,994 points)
23.5%
A.C. Green #225 (12,331 points)
22.8%
Lamar Odom #201 (12,781 points)
21.5%
Kevin Willis #84 (17,253 points)
18.8%
Mike Bibby #135 (14,698 points)
18.1%
Caron Butler #218 (12,430 points)
18.1%
Jerry Stackhouse #96 (16,409 points)
10.7%
Rod Strickland #147 (14,463 points)
8.1%
Kendall Gill #194 (12,914 points)
6.7%

You're not logged in!

Compare scores with friends on all Sporcle quizzes.
Join for Free
OR
Log In

You Might Also Like...

Show Comments

Extras

Top Quizzes Today


Score Distribution

Your Account Isn't Verified!

In order to create a playlist on Sporcle, you need to verify the email address you used during registration. Go to your Sporcle Settings to finish the process.

Report this User

Report this user for behavior that violates our Community Guidelines.

Details: